Central Library OPAC University of Rajshahi

Politics of economic relations and globalisation / (Record no. 2145)

MARC details
000 -LEADER
fixed length control field 00762nam a2200253 a 4500
001 - CONTROL NUMBER
control field 2145
003 - CONTROL NUMBER IDENTIFIER
rucl marc code BD-RjUL
005 - DATE AND TIME OF LATEST TRANSACTION
control field 20211208233507.0
008 - FIXED-LENGTH DATA ELEMENTS--GENERAL INFORMATION
fixed length control field 131210s1996 ii a b 001 0 eng d
020 ## - INTERNATIONAL STANDARD BOOK NUMBER
International Standard Book Number 8173911193
035 ## - SYSTEM CONTROL NUMBER
System control number (BD-RjUL)2172
System control number (BD-RjUL)
040 ## - CATALOGING SOURCE
Original cataloging agency ANL
Language of cataloging eng
Transcribing agency ANL
Modifying agency ANL:NR
-- BD-RjUL
041 ## - LANGUAGE CODE
Language code of text/sound track or separate title eng
082 04 - DEWEY DECIMAL CLASSIFICATION NUMBER
Classification number 337
Edition number 23
Author mark and year SIP 1996
100 1# - MAIN ENTRY--PERSONAL NAME
Personal name Singh, Jagmohan,
Dates associated with a name 1952-
9 (RLIN) 7034
245 10 - TITLE STATEMENT
Title Politics of economic relations and globalisation /
Statement of responsibility, etc. Jagmohan Singh.
260 ## - PUBLICATION, DISTRIBUTION, ETC. (IMPRINT)
Place of publication, distribution, etc. New Delhi :
Name of publisher, distributor, etc. Kanishka,
Date of publication, distribution, etc. 1996.
300 ## - PHYSICAL DESCRIPTION
Pagination iv, 267 p. :
Illustrations ill ;
Size 22 cm.
504 ## - BIBLIOGRAPHY, ETC. NOTE
Bibliography, etc Includes bibliographical references and index.
650 #0 - SUBJECT ADDED ENTRY--TOPICAL TERM
Topical term or geographic name as entry element World politics
Chronological subdivision 1945-
9 (RLIN) 7035
Topical term or geographic name as entry element International economic relations.
9 (RLIN) 460
942 ## - ADDED ENTRY ELEMENTS (KOHA)
Source of classification or shelving scheme Dewey Decimal Classification
Koha item type Books
Holdings
Lost status Source of classification or shelving scheme Damaged status Not for loan Collection code Permanent Location Current Location Shelving location Date acquired Source of acquisition Cost, normal purchase price Total Checkouts Full call number Date last seen Copy number Koha item type
  Dewey Decimal Classification     Non-fiction Central Library, University of Rajshahi Central Library, University of Rajshahi   02/11/2002 Paragon,Dhaka 510.00   337 SIP 1996 10/12/2013 C-3 Books
  Dewey Decimal Classification     Non-fiction Central Library, University of Rajshahi Central Library, University of Rajshahi   02/11/2002 Paragon, Dhaka 510.00   337 SIP 1996 14/06/2016 C-2 Books
  Dewey Decimal Classification   Not For Loan Non-fiction Central Library, University of Rajshahi Central Library, University of Rajshahi Reading Room 02/11/2002       337 SIP 1996 17/12/2016 C-1 Books
  Dewey Decimal Classification     Non-fiction Central Library, University of Rajshahi Central Library, University of Rajshahi   02/11/2002 dhaka, paragon Enterprice ltd. 510.00   337 SIP 1996 26/12/2016 C-4 Books